[Event "SWE-chT 2223 Elite"]
[Site "Sweden"]
[Date "2022.10.16"]
[Round "3.2"]
[White "Livner, Anders"]
[Black "Lissang, Christopher"]
[Result "1/2-1/2"]
[WhiteElo "2359"]
[BlackElo "2343"]
[PlyCount "101"]
[EventDate "2022.10.14"]
[EventType "team-tourn"]
[EventRounds "9"]
[EventCountry "SWE"]
[SourceTitle "CBM 210 Extra"]
[Source "ChessBase"]
[SourceDate "2022.11.30"]
[SourceVersion "1"]
[SourceVersionDate "2022.11.30"]
[SourceQuality "1"]
[WhiteTeam "Farsta"]
[BlackTeam "Stockholm CC"]
[WhiteTeamCountry "SWE"]
[BlackTeamCountry "SWE"]

1. Nf3 d5 2. g3 Nf6 3. Bg2 c6 4. 0-0 Bg4 5. h3 Bxf3 6. Bxf3 Nbd7 7. d4 e5 8. c4 e4 9. Bg2 Be7 10. Nc3 0-0 11. Qb3 Qb6 12. cxd5 Qxb3 13. axb3 cxd5 14. f3 Bb4 15. fxe4 Bxc3 16. bxc3 Nxe4 17. Bxe4 dxe4 18. c4 Rfc8 19. Bd2 b5 20. c5 Nf6 21. Rxf6 gxf6 22. Kf2 Rc6 23. b4 Rd8 24. Ke3 f5 25. Rxa7 h5 26. Ra5 h4 27. gxh4 Rg6 28. Kf2 Kh7 29. h5 Re6 30. Bc3 f4 31. Ra7 Rf6 32. d5 Rf5 33. d6 Rg8 34. d7 f3 35. Ra1 Rg2+ 36. Kf1 Rd5 37. exf3 Rc2 38. Be1 exf3 39. Ra3 f2 40. Bxf2 Rxd7 41. Rf3 Kh6 42. Rf5 Rd1+ 43. Kg2 Rb1 44. Kf3 Rxb4 45. Be3+ Kg7 46. h6+ Kg8 47. Rg5+ Kh8 48. Rf5 Kg8 49. Rg5+ Kh8 50. Rf5 Kg8 51. Rg5+ 1/2-1/2

[Event "SWE-chT 2223 Elite"]
[Site "Sweden"]
[Date "2022.10.14"]
[Round "1.5"]
[White "Livner, Anders"]
[Black "Pantzar, Milton"]
[Result "1-0"]
[WhiteElo "2359"]
[BlackElo "2465"]
[PlyCount "187"]
[EventDate "2022.10.14"]
[EventType "team-tourn"]
[EventRounds "9"]
[EventCountry "SWE"]
[SourceTitle "CBM 210 Extra"]
[Source "ChessBase"]
[SourceDate "2022.11.30"]
[SourceVersion "1"]
[SourceVersionDate "2022.11.30"]
[SourceQuality "1"]
[WhiteTeam "Farsta"]
[BlackTeam "Lunds"]
[WhiteTeamCountry "SWE"]
[BlackTeamCountry "SWE"]

1. Nf3 Nf6 2. c4 e6 3. g3 d5 4. Bg2 Be7 5. 0-0 0-0 6. d4 c6 7. Qc2 b6 8. Nbd2 c5 9. dxc5 bxc5 10. b3 Nc6 11. Bb2 Nb4 12. Qb1 Rb8 13. Ne5 Bb7 14. cxd5 exd5 15. Nd3 a5 16. Rc1 Qb6 17. Nf4 Rbd8 18. Re1 Qa7 19. e3 Rfe8 20. Qd1 d4 21. exd4 Bxg2 22. Kxg2 cxd4 23. a3 Nbd5 24. Nd3 Nc3 25. Qf3 Nfd5 26. h4 Bf6 27. Ne4 Nxe4 28. Rxe4 Rxe4 29. Qxe4 Qb6 30. Re1 h6 31. Nc1 Nc3 32. Qd3 Qc6+ 33. Kh2 Qd5 34. Bxc3 dxc3 35. Re8+ Rxe8 36. Qxd5 g6 37. Qd3 Rd8 38. Qf3 Kg7 39. Ne2 c2 40. Kg2 Rd2 41. Nc1 Rd1 42. Na2 Ra1 43. Qc6 Rxa2 44. Qc4 h5 45. Kh3 Rb2 46. b4 a4 47. b5 Kg8 48. b6 Bg7 49. f4 Rxb6 50. Qxc2 Rb3 51. Qc8+ Bf8 52. f5 Rxa3 53. Qe8 Kg7 54. Qe5+ Kg8 55. fxg6 fxg6 56. Qf6 Bg7 57. Qxg6 Ra1 58. Qe8+ Bf8 59. Qe6+ Kh7 60. Qf5+ Kg8 61. Qe6+ Kh7 62. Qe5 Bg7 63. Qxh5+ Kg8 64. Qe8+ Kh7 65. Qh5+ Kg8 66. Qe8+ Kh7 67. h5 a3 68. Qg6+ Kh8 69. Qe8+ Kh7 70. Kg4 Bb2 71. Qe7+ Kh8 72. Qe8+ Kg7 73. Qd7+ Kf8 74. h6 Re1 75. Kg5 Re7 76. Qc8+ Kf7 77. Qf5+ Ke8 78. Qc8+ Kf7 79. h7 Re5+ 80. Kg4 Re8 81. Qb7+ Kg6 82. Qc6+ Kf7 83. Qd5+ Kg7 84. Qd7+ Kf8 85. Kf5 Re7 86. Qd8+ Re8 87. Qd7 Re7 88. Qc8+ Re8 89. Qb7 Re5+ 90. Kf4 Re7 91. Qxb2 Rf7+ 92. Ke3 Re7+ 93. Kf2 Rf7+ 94. Kg2 1-0

[Event "SWE-chT 1920 Elite"]
[Site "Sweden"]
[Date "2020.10.18"]
[Round "7.3"]
[White "Livner, Anders"]
[Black "Solodovnichenko, Yuri"]
[Result "0-1"]
[WhiteElo "2359"]
[BlackElo "2572"]
[PlyCount "74"]
[EventDate "2019.10.18"]
[EventType "team-tourn"]
[EventRounds "9"]
[EventCountry "SWE"]
[SourceTitle "EXT 2022"]
[Source "ChessBase"]
[SourceDate "2021.10.06"]
[SourceVersion "1"]
[SourceVersionDate "2021.10.06"]
[SourceQuality "1"]
[WhiteTeam "Farsta"]
[BlackTeam "Vaxjo"]
[WhiteTeamCountry "SWE"]
[BlackTeamCountry "SWE"]

1. Nf3 Nf6 2. g3 b6 3. Bg2 Bb7 4. c4 c5 5. Nc3 e6 6. 0-0 Be7 7. d4 cxd4 8. Qxd4 0-0 9. Rd1 Qc8 10. b3 Na6 11. Bb2 d6 12. Rac1 Rd8 13. h3 Nc5 14. Qe3 a6 15. b4 Ncd7 16. Nd5 exd5 17. Qxe7 Re8 18. Qxd6 dxc4 19. Bxf6 Nxf6 20. Qxb6 Rxe2 21. Nd4 Bxg2 22. Kxg2 Rxa2 23. Nc6 Qe6 24. Rd8+ Rxd8 25. Qxd8+ Ne8 26. Rxc4 Qe1 27. Qd4 Ra1 28. Kf3 Ra3+ 29. Kg2 Ra1 30. Kf3 Qh1+ 31. Kf4 Re1 32. h4 h6 33. Ne5 g5+ 34. Kf5 Ng7+ 35. Kf6 Qf3+ 36. Qf4 Ne8+ 37. Kf5 Rxe5+ 0-1

[Event "SWE-chT 1920 Elite"]
[Site "Sweden"]
[Date "2020.01.31"]
[Round "6"]
[White "Westerberg, Jonathan"]
[Black "Livner, Anders"]
[Result "1-0"]
[WhiteElo "2546"]
[BlackElo "2359"]
[PlyCount "61"]
[EventDate "2019.10.18"]
[EventType "team-tourn"]
[EventRounds "9"]
[EventCountry "SWE"]
[SourceTitle "EXT 2023"]
[Source "ChessBase"]
[SourceDate "2022.10.05"]
[SourceVersion "1"]
[SourceVersionDate "2022.10.05"]
[SourceQuality "1"]
[WhiteTeam "Stockholm CC"]
[BlackTeam "Farsta"]
[WhiteTeamCountry "SWE"]
[BlackTeamCountry "SWE"]

1. e4 c6 2. Nf3 d5 3. Nc3 dxe4 4. Nxe4 Nf6 5. Qe2 Nxe4 6. Qxe4 Nd7 7. Bc4 Nf6 8. Ne5 Nd5 9. Qf3 Be6 10. d4 g6 11. 0-0 Bg7 12. Re1 0-0 13. c3 a5 14. h4 Qc8 15. h5 a4 16. hxg6 hxg6 17. Qg3 b5 18. Bxd5 Bxd5 19. Ng4 Re8 20. Bh6 Bh8 21. Bf4 Bg7 22. Re3 Qf5 23. Rae1 Be6 24. Nh6+ Bxh6 25. Bxh6 Bxa2 26. Re5 Qd7 27. Qg5 Qd6 28. Rxe7 Rxe7 29. Rxe7 Bd5 30. Qh4 f6 31. Rg7+ 1-0

[Event "SWE-chT 1819 Elite"]
[Site "Sweden"]
[Date "2019.03.29"]
[Round "7.5"]
[White "Livner, Anders"]
[Black "Larsson, Johan"]
[Result "1-0"]
[WhiteElo "2359"]
[BlackElo "2195"]
[PlyCount "51"]
[EventDate "2018.11.09"]
[EventType "team-tourn"]
[EventRounds "9"]
[EventCountry "SWE"]
[SourceTitle "CBM 189 Extra"]
[Source "ChessBase"]
[SourceDate "2019.06.03"]
[SourceVersion "1"]
[SourceVersionDate "2019.06.03"]
[SourceQuality "1"]
[WhiteTeam "Farsta"]
[BlackTeam "Umea Rockaden"]
[WhiteTeamCountry "SWE"]
[BlackTeamCountry "SWE"]

1. Nf3 d5 2. g3 c5 3. Bg2 Nc6 4. c4 e6 5. 0-0 Nf6 6. b3 Be7 7. cxd5 exd5 8. Bb2 0-0 9. d4 Re8 10. dxc5 Bxc5 11. Nc3 Bg4 12. Rc1 a6 13. h3 Bh5 14. e3 Ba7 15. Ne2 Ne4 16. Ned4 Qd7 17. Nxc6 bxc6 18. g4 Bg6 19. Ne5 Rxe5 20. Bxe5 Re8 21. Bf4 c5 22. b4 d4 23. exd4 Qxd4 24. Be3 Qxb4 25. Qd7 Ra8 26. Rb1 1-0

[Event "Vasteras op"]
[Site "Vasteras"]
[Date "2018.09.30"]
[Round "8"]
[White "Livner, Anders"]
[Black "Janse, Love"]
[Result "1-0"]
[WhiteElo "2372"]
[BlackElo "2214"]
[PlyCount "118"]
[EventDate "2018.09.28"]
[EventType "swiss"]
[EventRounds "8"]
[EventCountry "SWE"]
[SourceTitle "CBM 186 Extra"]
[Source "ChessBase"]
[SourceDate "2018.08.24"]
[SourceVersion "1"]
[SourceVersionDate "2018.08.24"]
[SourceQuality "1"]

1. c4 f5 2. g3 Nf6 3. Bg2 d6 4. Nc3 g6 5. d3 Bg7 6. e4 e5 7. Nge2 Nc6 8. 0-0 0-0 9. Nd5 Ne7 10. Nxf6+ Bxf6 11. Bh6 Rf7 12. Qd2 c6 13. Rad1 Be6 14. Rfe1 d5 15. exd5 cxd5 16. Nf4 Qd7 17. Nxe6 Qxe6 18. Qa5 Qb6 19. Qxb6 axb6 20. cxd5 Rd8 21. d6 Rxd6 22. Bxb7 Nd5 23. Ba6 g5 24. Bc4 Rfd7 25. h4 gxh4 26. gxh4 Kf7 27. h5 f4 28. Kg2 Bh8 29. Bg5 h6 30. Bh4 Ke6 31. Kf3 Kf5 32. a3 Nc7 33. Ke2 Ne6 34. Bxe6+ Rxe6 35. f3 Bf6 36. Bxf6 Rxf6 37. Rg1 Rfd6 38. Rg8 Rc7 39. Rf8+ Ke6 40. Re8+ Kd5 41. d4 exd4 42. Re4 Rc4 43. Rxf4 Re6+ 44. Kd2 d3 45. Rxc4 Kxc4 46. Re1 Rd6 47. Re3 Rd5 48. b3+ Kc5 49. Rxd3 Rxh5 50. Ke3 Rh1 51. Kf2 h5 52. Kg2 Ra1 53. f4 Kb5 54. a4+ Kb4 55. f5 Rc1 56. Rf3 Rc7 57. f6 Rf7 58. Kg3 Kc5 59. Kh4 Kd5 1-0

[Event "SWE-chT 1718 Elite"]
[Site "Sweden"]
[Date "2018.03.18"]
[Round "9"]
[White "Jepson, Christian"]
[Black "Livner, Anders"]
[Result "1/2-1/2"]
[WhiteElo "2417"]
[BlackElo "2364"]
[PlyCount "72"]
[EventDate "2017.10.20"]
[EventType "team-tourn"]
[EventRounds "9"]
[EventCountry "SWE"]
[SourceTitle "EXT 2019"]
[Source "ChessBase"]
[SourceDate "2018.10.10"]
[SourceVersion "1"]
[SourceVersionDate "2018.10.10"]
[SourceQuality "1"]
[WhiteTeam "Limhamn"]
[BlackTeam "Farsta"]
[WhiteTeamCountry "SWE"]
[BlackTeamCountry "SWE"]

1. Nf3 d5 2. d4 Nf6 3. c4 c6 4. Nc3 dxc4 5. a4 Bf5 6. e3 e6 7. Bxc4 Bb4 8. 0-0 Nbd7 9. Qe2 Bg6 10. e4 0-0 11. Bd3 Bh5 12. Bf4 Re8 13. e5 Nd5 14. Nxd5 cxd5 15. h3 a6 16. g4 Bg6 17. h4 h6 18. h5 Bxd3 19. Qxd3 Be7 20. Kh2 Nf8 21. Qe3 Nh7 22. Rac1 Rc8 23. Rxc8 Qxc8 24. g5 hxg5 25. Nxg5 Qc2 26. Rg1 Qf5 27. h6 Nxg5 28. Bxg5 g6 29. f4 Bxg5 30. fxg5 Rc8 31. Rc1 Rxc1 32. Qxc1 Qf2+ 33. Kh3 Qf3+ 34. Kh2 Qf2+ 35. Kh3 Qf3+ 36. Kh2 Qf2+ 1/2-1/2

[Event "Rilton Cup 47th"]
[Site "Stockholm"]
[Date "2018.01.05"]
[Round "9"]
[White "Livner, Anders"]
[Black "Leenhouts, Koen"]
[Result "0-1"]
[WhiteElo "2350"]
[BlackElo "2478"]
[PlyCount "72"]
[EventDate "2017.12.27"]
[EventType "swiss"]
[EventRounds "9"]
[EventCountry "SWE"]
[SourceTitle "CBM 182 Extra"]
[Source "ChessBase"]
[SourceDate "2018.02.23"]
[SourceVersion "1"]
[SourceVersionDate "2018.02.23"]
[SourceQuality "1"]

1. c4 g6 2. Nc3 c5 3. g3 Bg7 4. Bg2 Nc6 5. Nf3 e6 6. d4 cxd4 7. Nb5 d5 8. cxd5 exd5 9. 0-0 Nge7 10. Nfxd4 0-0 11. Be3 a6 12. Nc3 Re8 13. Rc1 Bg4 14. h3 Be6 15. Nxe6 fxe6 16. Bg5 h6 17. Bxe7 Qxe7 18. Na4 Rad8 19. Qc2 Nd4 20. Qd2 Rf8 21. Nc5 h5 22. h4 Kh7 23. e3 Nf3+ 24. Bxf3 Rxf3 25. Qe2 Rf7 26. e4 Bd4 27. Nd3 Rdf8 28. Kg2 e5 29. Rc2 Rf3 30. exd5 e4 31. d6 Qxd6 32. Qxe4 Bxf2 33. Rfxf2 Rxd3 34. Rxf8 Qxg3+ 35. Kf1 Rd1+ 36. Ke2 Re1+ 0-1

[Event "Rilton Cup 47th"]
[Site "Stockholm"]
[Date "2018.01.04"]
[Round "8"]
[White "Ostrovskiy, Andrey"]
[Black "Livner, Anders"]
[Result "1/2-1/2"]
[WhiteElo "2448"]
[BlackElo "2350"]
[PlyCount "170"]
[EventDate "2017.12.27"]
[EventType "swiss"]
[EventRounds "9"]
[EventCountry "SWE"]
[SourceTitle "CBM 182 Extra"]
[Source "ChessBase"]
[SourceDate "2018.02.23"]
[SourceVersion "1"]
[SourceVersionDate "2018.02.23"]
[SourceQuality "1"]

1. e4 c6 2. Nc3 d5 3. Nf3 Nf6 4. e5 Ne4 5. Ne2 Qb6 6. d4 e6 7. Ng3 c5 8. c3 Bd7 9. Bd3 cxd4 10. Nxd4 Nc6 11. Nxe4 dxe4 12. Bxe4 Nxe5 13. 0-0 Bd6 14. a4 a6 15. Qh5 g6 16. Qh4 f5 17. Bc2 0-0 18. Bb3 Rae8 19. Bf4 Nf7 20. Bxd6 Qxd6 21. Rad1 Qc7 22. Rd3 Kg7 23. Rfd1 Bc8 24. Rh3 h5 25. Rg3 f4 26. Rgd3 e5 27. Ne2 Bg4 28. Bxf7 Rxf7 29. f3 Bf5 30. R3d2 Qb6+ 31. Qf2 Qxf2+ 32. Kxf2 Rc7 33. h4 Ree7 34. a5 Kf7 35. Rd6 Rc5 36. b4 Rcc7 37. Rb6 Red7 38. Rxd7+ Bxd7 39. c4 Rxc4 40. Rxb7 Ke8 41. Ke1 Bb5 42. Kd2 Rxb4 43. Nc3 Rd4+ 44. Ke1 Bd3 45. Kf2 Kd8 46. Rb6 Kd7 47. Ne4 Bxe4 48. fxe4 Rd6 49. Rb7+ Ke6 50. Rg7 Kf6 51. Rb7 Rd2+ 52. Kf3 Rd3+ 53. Kf2 Re3 54. Rb6+ Kg7 55. Rxa6 Rxe4 56. Ra8 Ra4 57. a6 e4 58. a7 Ra2+ 59. Ke1 e3 60. Kf1 g5 61. hxg5 h4 62. Re8 Rxa7 63. Ke2 Ra2+ 64. Kf3 Rf2+ 65. Kg4 e2 66. Kf5 Kf7 67. Re4 Rxg2 68. Kxf4 h3 69. Kf3 Kg6 70. Re8 Kxg5 71. Re5+ Kh4 72. Re4+ Kg5 73. Re5+ Kf6 74. Re8 Kf5 75. Re7 Kf6 76. Re3 Kf7 77. Re5 Kf6 78. Re8 Kf5 79. Re7 Kg5 80. Re5+ Kh6 81. Re8 Kg7 82. Re7+ Kg6 83. Re8 Rg5 84. Rxe2 Kf5 85. Rh2 Rh5 1/2-1/2

[Event "SWE-chT 1718 Elite"]
[Site "Sweden"]
[Date "2017.10.21"]
[Round "2.3"]
[White "Von Bahr, Oskar"]
[Black "Livner, Anders"]
[Result "1-0"]
[WhiteElo "2431"]
[BlackElo "2364"]
[PlyCount "79"]
[EventDate "2017.10.20"]
[EventType "team-tourn"]
[EventRounds "9"]
[EventCountry "SWE"]
[SourceTitle "CBM 181 Extra"]
[Source "ChessBase"]
[SourceDate "2017.12.12"]
[SourceVersion "1"]
[SourceVersionDate "2017.12.12"]
[SourceQuality "1"]
[WhiteTeam "Kungstornet"]
[BlackTeam "Farsta"]
[WhiteTeamCountry "SWE"]
[BlackTeamCountry "SWE"]

1. c4 c6 2. Nf3 d5 3. g3 Bg4 4. Bg2 e6 5. b3 Nd7 6. Bb2 Ngf6 7. h3 Bxf3 8. Bxf3 Bd6 9. cxd5 cxd5 10. Nc3 Ne5 11. Bg2 Nc6 12. d4 Rc8 13. 0-0 0-0 14. e3 a6 15. Na4 Nd7 16. Rc1 Qe7 17. e4 dxe4 18. Bxe4 Nf6 19. Bxc6 Rxc6 20. Rxc6 bxc6 21. Qe2 Qa7 22. Rc1 Rc8 23. Nc5 a5 24. Ne4 Nxe4 25. Qxe4 Qa6 26. Rc4 Qb5 27. Bc3 h6 28. Qe1 Ra8 29. Ra4 Bc7 30. Qe4 Rd8 31. Rc4 Rd5 32. Qc2 Bd6 33. Bb2 g6 34. Rxc6 Kh7 35. Qc4 Bf8 36. Rc7 Kg8 37. Qxb5 Rxb5 38. Rc8 Kg7 39. d5+ e5 40. Bxe5+ 1-0

[Event "SWE-chT 1617"]
[Site "Sweden"]
[Date "2017.03.04"]
[Round "6.4"]
[White "Livner, Anders"]
[Black "Agrest, Evgenij"]
[Result "1/2-1/2"]
[WhiteElo "2321"]
[BlackElo "2592"]
[PlyCount "53"]
[EventDate "2016.10.14"]
[EventType "team-tourn"]
[EventRounds "9"]
[EventCountry "SWE"]
[SourceTitle "CBM 177 Extra"]
[Source "ChessBase"]
[SourceDate "2017.04.27"]
[SourceVersion "1"]
[SourceVersionDate "2017.04.27"]
[SourceQuality "1"]
[WhiteTeam "Farsta"]
[BlackTeam "Viking Team"]
[WhiteTeamCountry "SWE"]
[BlackTeamCountry "SWE"]

1. c4 c6 2. Nf3 d5 3. g3 Nf6 4. Bg2 Bg4 5. Ne5 Be6 6. d4 dxc4 7. Na3 g6 8. Naxc4 Bg7 9. e4 0-0 10. 0-0 Qc8 11. Qe2 Na6 12. Rd1 Rd8 13. b3 Ng4 14. Bb2 Nxe5 15. Nxe5 Qc7 16. Nc4 Bxc4 17. bxc4 e5 18. d5 Nc5 19. Rac1 b6 20. Bh3 Nb7 21. dxc6 Qxc6 22. Rd5 Qc7 23. Qe3 Nc5 24. Ba3 Bf8 25. Bb2 Bg7 26. Ba3 Bf8 27. Bb2 1/2-1/2

[Event "Vaxjo op"]
[Site "Vaxjo"]
[Date "2017.02.12"]
[Round "7"]
[White "Blomqvist, Erik"]
[Black "Livner, Anders"]
[Result "1/2-1/2"]
[WhiteElo "2573"]
[BlackElo "2313"]
[PlyCount "48"]
[EventDate "2017.02.10"]
[EventType "swiss"]
[EventRounds "8"]
[EventCountry "SWE"]
[SourceTitle "CBM 176 Extra"]
[Source "ChessBase"]
[SourceDate "2017.03.02"]
[SourceVersion "1"]
[SourceVersionDate "2017.03.02"]
[SourceQuality "1"]

1. Nf3 d5 2. d4 Nf6 3. Bf4 c5 4. e3 Nc6 5. Nbd2 cxd4 6. exd4 Bf5 7. c3 e6 8. Qb3 Qc8 9. Nh4 Be4 10. Nxe4 Nxe4 11. Nf3 Bd6 12. Bxd6 Nxd6 13. Bd3 Qc7 14. 0-0 0-0 15. Qc2 h6 16. Qe2 Rab8 17. Rfe1 b5 18. Rac1 Rfc8 19. Ne5 Nxd4 20. Qh5 Nc6 21. Ng4 Ne7 22. Ne5 Nc6 23. Ng4 Ne7 24. Ne5 Nc6 1/2-1/2

[Event "Vaxjo op"]
[Site "Vaxjo"]
[Date "2017.02.11"]
[Round "5"]
[White "Horn, Emilia"]
[Black "Livner, Anders"]
[Result "0-1"]
[WhiteElo "2048"]
[BlackElo "2313"]
[PlyCount "80"]
[EventDate "2017.02.10"]
[EventType "swiss"]
[EventRounds "8"]
[EventCountry "SWE"]
[SourceTitle "CBM 176 Extra"]
[Source "ChessBase"]
[SourceDate "2017.03.02"]
[SourceVersion "1"]
[SourceVersionDate "2017.03.02"]
[SourceQuality "1"]

1. e4 c6 2. d4 d5 3. Nd2 dxe4 4. Nxe4 Bf5 5. Ng3 Bg6 6. h4 h6 7. h5 Bh7 8. Nf3 e6 9. Bd3 Bxd3 10. Qxd3 Nf6 11. Bf4 Qa5+ 12. Bd2 Bb4 13. c3 Be7 14. c4 Qc7 15. 0-0-0 0-0 16. Ne4 Rd8 17. Nxf6+ Bxf6 18. Bc3 b5 19. cxb5 Rd5 20. bxc6 Nxc6 21. Qe4 Rad8 22. Kb1 Qb6 23. Rd2 a5 24. g4 Nxd4 25. Nxd4 Bxd4 26. Bxd4 Rxd4 27. Rxd4 Rxd4 28. Qe3 Qd6 29. Qf3 Qb4 30. a3 Qa4 31. Rg1 Rf4 32. Qa8+ Kh7 33. f3 Qd4 34. Rc1 Qd3+ 35. Ka1 Rxf3 36. Qxa5 Qd4 37. g5 hxg5 38. Qxg5 Rxa3+ 39. Kb1 Qe4+ 40. Rc2 Rh3 0-1

[Event "SWE-chT 1617"]
[Site "Sweden"]
[Date "2016.10.14"]
[Round "1.3"]
[White "Ahlander, Bjorn"]
[Black "Livner, Anders"]
[Result "1-0"]
[WhiteElo "2407"]
[BlackElo "2321"]
[PlyCount "101"]
[EventDate "2016.10.14"]
[EventType "team-tourn"]
[EventRounds "9"]
[EventCountry "SWE"]
[SourceTitle "EXT 2017"]
[Source "ChessBase"]
[SourceDate "2016.10.25"]
[SourceVersion "1"]
[SourceVersionDate "2016.10.25"]
[SourceQuality "1"]
[WhiteTeam "Lunds"]
[BlackTeam "Farsta"]
[WhiteTeamCountry "SWE"]
[BlackTeamCountry "SWE"]

1. d4 d5 2. c4 c6 3. Nf3 Nf6 4. e3 Bf5 5. Nc3 e6 6. Qb3 Qc7 7. Bd2 Ne4 8. Nxe4 Bxe4 9. Be2 Nd7 10. 0-0 Bd6 11. c5 Be7 12. Rfc1 Bxf3 13. Bxf3 f5 14. Bh5+ g6 15. Be2 Bf6 16. Qd1 0-0 17. Bc3 Rae8 18. b4 f4 19. exf4 Qxf4 20. g3 Qc7 21. f4 g5 22. Bh5 Re7 23. Qg4 Rg7 24. fxg5 Rxg5 25. Qxe6+ Kh8 26. Bg4 Rg7 27. Rf1 Re7 28. Qd6 Qxd6 29. cxd6 Rg7 30. Be6 Nb6 31. Rf5 Rg6 32. b5 Kg7 33. bxc6 bxc6 34. Rb1 Rd8 35. d7 Na4 36. Ba1 Kf8 37. Rf3 Nb6 38. Bf5 Rh6 39. Bc3 Nxd7 40. Rb7 Nb6 41. Be6 Ke8 42. Bf7+ Kf8 43. Be6 Ke8 44. Kg2 Rd6 45. Bf7+ Kd8 46. Bd2 Bxd4 47. Bxh6 Rxh6 48. Bxd5 Kc8 49. Re7 Bf6 50. Re8+ Kd7 51. Bxc6+ 1-0

[Event "Vasteras op"]
[Site "Vasteras"]
[Date "2016.09.23"]
[Round "4"]
[White "Tari, Aryan"]
[Black "Livner, Anders"]
[Result "1-0"]
[WhiteElo "2570"]
[BlackElo "2345"]
[PlyCount "77"]
[EventDate "2016.09.23"]
[EventType "swiss"]
[EventRounds "8"]
[EventCountry "SWE"]
[SourceTitle "CBM 174 Extra"]
[Source "ChessBase"]
[SourceDate "2016.10.10"]
[SourceVersion "1"]
[SourceVersionDate "2016.10.10"]
[SourceQuality "1"]

1. e4 c6 2. d4 d5 3. e5 Bf5 4. h4 h5 5. c4 e6 6. Nc3 Ne7 7. Nge2 dxc4 8. Ng3 Bg6 9. Bxc4 Nd5 10. Be2 Be7 11. Bxh5 Bxh5 12. Nxh5 g6 13. Nxd5 Qxd5 14. Nf4 Qe4+ 15. Be3 g5 16. Qd3 Qxd3 17. Nxd3 Rxh4 18. Ke2 Nd7 19. g3 Rxh1 20. Rxh1 Nf8 21. Ne1 Rd8 22. Nf3 Ng6 23. Rh5 c5 24. dxc5 Rd5 25. Nxg5 Rxe5 26. f4 Rd5 27. Rh7 Bxg5 28. fxg5 Ne7 29. Rh8+ Kd7 30. Rf8 Nf5 31. Rxf7+ Ke8 32. Rxb7 Re5 33. Rb3 Nd4+ 34. Kd3 Nxb3 35. axb3 Kd7 36. g6 Ke8 37. c6 Rb5 38. c7 Kd7 39. g7 1-0

[Event "Fredericia"]
[Site "Fredericia"]
[Date "2016.05.07"]
[Round "7"]
[White "Thybo, Jesper Sondergaard"]
[Black "Livner, Anders"]
[Result "1-0"]
[WhiteElo "2377"]
[BlackElo "2338"]
[PlyCount "77"]
[EventDate "2016.05.04"]
[EventType "tourn"]
[EventRounds "9"]
[EventCountry "DEN"]
[EventCategory "4"]
[SourceTitle "CBM 172 Extra"]
[Source "ChessBase"]
[SourceDate "2016.06.21"]
[SourceVersion "1"]
[SourceVersionDate "2016.06.21"]
[SourceQuality "1"]

1. e4 c6 2. d4 d5 3. Nd2 dxe4 4. Nxe4 Bf5 5. Ng3 Bg6 6. h4 h6 7. Nf3 Nd7 8. h5 Bh7 9. Bd3 Bxd3 10. Qxd3 e6 11. Bd2 Ngf6 12. 0-0-0 Bd6 13. Kb1 Qb6 14. c4 Bxg3 15. fxg3 0-0 16. Rh4 Rfe8 17. Bc3 Rad8 18. Qe2 Qc7 19. g4 Nh7 20. Qe3 f6 21. Rhh1 b5 22. c5 a5 23. a3 Ra8 24. Rhe1 Nhf8 25. Qe4 Nb8 26. Bd2 Qd7 27. Bf4 Na6 28. Bd6 Nc7 29. g5 hxg5 30. h6 gxh6 31. Rh1 f5 32. Qe5 Nd5 33. Rxh6 Qg7 34. Rdh1 Ne7 35. Qxg7+ Kxg7 36. Be5+ Kg8 37. Nxg5 Neg6 38. Rh8+ Nxh8 39. Rxh8# 1-0

[Event "Fredericia"]
[Site "Fredericia"]
[Date "2016.05.04"]
[Round "1"]
[White "Livner, Anders"]
[Black "Lubbe, Nikolas"]
[Result "1/2-1/2"]
[WhiteElo "2338"]
[BlackElo "2500"]
[PlyCount "56"]
[EventDate "2016.05.04"]
[EventType "tourn"]
[EventRounds "9"]
[EventCountry "DEN"]
[EventCategory "4"]
[SourceTitle "CBM 172 Extra"]
[Source "ChessBase"]
[SourceDate "2016.06.21"]
[SourceVersion "1"]
[SourceVersionDate "2016.06.21"]
[SourceQuality "1"]

1. c4 Nf6 2. g3 e5 3. Bg2 Nc6 4. Nc3 Bb4 5. Nd5 Bc5 6. e3 0-0 7. Ne2 d6 8. 0-0 a6 9. b3 Re8 10. Bb2 Ba7 11. a3 Nxd5 12. cxd5 Ne7 13. d4 Ng6 14. Qc2 Bg4 15. dxe5 Nxe5 16. h3 Bxe2 17. Qxe2 Bb6 18. Kh2 Qd7 19. Qc2 Re7 20. a4 a5 21. Be4 Ng6 22. Bf5 Qe8 23. Qc3 Qf8 24. Rae1 Bc5 25. Qc2 Qe8 26. Kg2 Bb4 27. Re2 b5 28. Rd1 Rb8 1/2-1/2

[Event "Vasteras op"]
[Site "Vasteras"]
[Date "2015.09.27"]
[Round "7"]
[White "Johansson, Gunnar"]
[Black "Livner, Anders"]
[Result "1/2-1/2"]
[WhiteElo "2228"]
[BlackElo "2336"]
[PlyCount "62"]
[EventDate "2015.09.25"]
[EventType "swiss"]
[EventRounds "8"]
[EventCountry "SWE"]
[SourceTitle "EXT 2016"]
[Source "ChessBase"]
[SourceDate "2015.10.08"]
[SourceVersion "1"]
[SourceVersionDate "2015.10.08"]
[SourceQuality "1"]

1. d4 d5 2. c4 e6 3. Nf3 Nf6 4. Nc3 c6 5. e3 Nbd7 6. Bd3 Be7 7. 0-0 0-0 8. e4 dxe4 9. Nxe4 c5 10. Nxc5 Nxc5 11. dxc5 Qc7 12. Qe2 Qxc5 13. Bg5 h6 14. Bh4 Rd8 15. Rad1 b6 16. Be4 Rb8 17. Rxd8+ Bxd8 18. Rd1 Ba6 19. b3 Bc7 20. Bg3 Rd8 21. Rxd8+ Bxd8 22. h3 b5 23. cxb5 Nxe4 24. Qxe4 Bxb5 25. Qa8 Qb6 26. Ne5 Qd4 27. a4 Be8 28. Nc4 Qd7 29. Kh2 f6 30. Nd6 Kf8 31. Nxe8 Kxe8 1/2-1/2

[Event "Vaxjo Visma IM-A"]
[Site "Vaxjo"]
[Date "2015.06.28"]
[Round "9"]
[White "Kvisvik, Brede Alexander"]
[Black "Livner, Anders"]
[Result "1-0"]
[WhiteElo "2293"]
[BlackElo "2347"]
[PlyCount "89"]
[EventDate "2015.06.24"]
[EventType "tourn"]
[EventRounds "9"]
[EventCountry "SWE"]
[EventCategory "4"]
[SourceTitle "CBM 167 Extra"]
[Source "ChessBase"]
[SourceDate "2015.09.14"]
[SourceVersion "1"]
[SourceVersionDate "2015.09.14"]
[SourceQuality "1"]

1. d4 d5 2. c4 c6 3. cxd5 cxd5 4. Bf4 Nf6 5. e3 Qb6 6. Nc3 Qxb2 7. Bb5+ Bd7 8. Bxd7+ Nbxd7 9. Nge2 Qa3 10. 0-0 a6 11. Rb1 b6 12. Bc7 e6 13. Bxb6 Nxb6 14. Rxb6 Be7 15. Qd3 0-0 16. Rfb1 Rfc8 17. R1b3 Qa5 18. f3 g6 19. e4 dxe4 20. fxe4 Rd8 21. Rc6 Qh5 22. Qf3 Qh6 23. Rb7 Rd7 24. Rcc7 Rxc7 25. Rxc7 Kf8 26. e5 Nd5 27. Nxd5 exd5 28. Nf4 Rb8 29. h3 Qh4 30. Kh2 Rb2 31. Nxd5 Rf2 32. Qg4 Qxg4 33. hxg4 Bg5 34. a4 Ra2 35. Nc3 Bf4+ 36. Kh3 Ra3 37. g3 Be3 38. Rc8+ Kg7 39. d5 Bd4 40. e6 fxe6 41. Rc7+ Kh6 42. dxe6 Rb3 43. Ne4 g5 44. e7 Rb8 45. Nd6 1-0